1599 1105 1509 1126 1043 1813 1442 1467 1254 1004 1154 1347 1392 1617 1172 1009 1498 1299 1010 1782 1309 1314 1206 1104 1724 1870 1321 1971 1460 1842 1023 1403 1967 1528 1128 1031 1905 1188 1127 1572 1401 1730 1657 1436 1287 1749 1129 1832 1856 1073 1669 1421 1451 1684 1902 1430 1697 1024 1860 1471 1739 1457 1372 1964 1648 1211 1142 1890 1241 1171 1830 1445 1761 1881 1931 1767 1572 1537 1513 1172 1538 1478 1015 1273 1942 1399 1045 1297 1314 1426 1530 1913 1417 1045 1951 1091 1601 1168 1938 BCNSPRNW ULIB Ver.6.0+V

เปลี่ยนเป็นภาษาไทย

Change to English
 แสดงรายละเอียดบรรณานุกรม
  กลับหน้าหลัก

Brief Record : Get Marc (ISO 2709) : E-mail record : QR code < ปิดหน้าต่าง
LEADER : 00000nam 2200000uu 4500
001    13399123809
003     ULIB
008    141201s2556||||th 000 0 tha d
020    ^a9786163482594
060 04 ^aWF200^bส453ย
100 0  ^aสมชาย สวัสดี
245 10 ^aยาแอโรโซลและระบบหายใจ/^cสมชาย สวัสดี และ ธีระพล ศรีชนะ
250    ^aพิมพ์ครั้งที่ 1.
260    ^aสงขลา :^bพีซี โปรสเปค^c2556
300    ^a204 หน้า :^bภาพประกอบ ;^c30 ซม
504    ^aมีบรรณานุกรมและดัชนี
650  7 ^aยารักษาโรคระบบหายใจ
650  7 ^aระบบหายใจ, โรค^xการรักษาด้วยยา
650  7 ^aยาแอโรโซล
700 0  ^aธีระพล ศรีชนะ
710 2  ^aมหาวิทยาลัยสงขลานครินทร์
945    ^p200^l0^i22166
945    ^p200^l0^i22167
945    ^p200^l0^i22168
945    ^p200^l0^i22169
945    ^p200^l0^i22170
999    ^aทศพร เกษรทอง
รายการนี้ยังไม่มีแท็ก
คุณยังไม่ได้ล็อกอิน คุณสามารถมีกิจกรรมร่วมกับเว็บไซต์ได้ แต่ต้องล็อกอินก่อน ::
  ล็อกอิน

รายการสื่อสารสนเทศ

ลำดับที่ ประเภท เลขเรียก/บาร์โค้ด สถานที่ สถานะ
1. วิทยาศาสตร์การแพทย์ และสุขภาพ
วิทยาศาสตร์การแพทย์ และสุขภาพ
สถานะ=หนังสือเก่า
WF200 ส453ย ฉ.1 
  Barcode: 22166
ห้องสมุดวิทยาเขตนครสวรรค์
►ส่วนจัดเก็บหนังสือเก่า นว.
บนชั้น
  ขอยืม
2. วิทยาศาสตร์การแพทย์ และสุขภาพ
วิทยาศาสตร์การแพทย์ และสุขภาพ
สถานะ=หนังสือเก่า
WF200 ส453ย ฉ.2 
  Barcode: 22167
ห้องสมุดวิทยาเขตนครสวรรค์
►ส่วนจัดเก็บหนังสือเก่า นว.
บนชั้น
  ขอยืม
3. วิทยาศาสตร์การแพทย์ และสุขภาพ
วิทยาศาสตร์การแพทย์ และสุขภาพ
สถานะ=หนังสือเก่า
WF200 ส453ย ฉ.3 
  Barcode: 22168
ห้องสมุดวิทยาเขตนครสวรรค์
►ส่วนจัดเก็บหนังสือเก่า นว.
บนชั้น
  ขอยืม
4. วิทยาศาสตร์การแพทย์ และสุขภาพ
วิทยาศาสตร์การแพทย์ และสุขภาพ
สถานะ=หนังสือเก่า
WF200 ส453ย ฉ.4 
  Barcode: 22169
ห้องสมุดวิทยาเขตนครสวรรค์
►ส่วนจัดเก็บหนังสือเก่า นว.
บนชั้น
  ขอยืม
5. วิทยาศาสตร์การแพทย์ และสุขภาพ
วิทยาศาสตร์การแพทย์ และสุขภาพ
สถานะ=หนังสือเก่า
WF200 ส453ย ฉ.5 
  Barcode: 22170
ห้องสมุดวิทยาเขตนครสวรรค์
►ส่วนจัดเก็บหนังสือเก่า นว.
บนชั้น
  ขอยืม

รายการใกล้เคียง
    ผู้แต่ง [สมชาย สวัสดี]

    หัวเรื่อง [ยารักษาโรคระบบหายใจ]
    หัวเรื่อง [ยาแอโรโซล]

BibComment


ยังไม่เคยถูกคอมเมนท์

คอมเมนท์ทรัพยากรรายการนี้
  คอมเมนท์: ยาแอโรโซลและระบบ..


 Copyright 2026. Bcnsprnw @Library